00732nam a2200241 a 4500001001300000003000900013005001700022008004100039020001100080082001600091100001700107245004600124260004500170300000900215500003500224505003000259650004000289700001700329902000800346942000700354952011400361999001500475nice12345678IN_TiNIC20260116012203.0050524s1961 lona grp 000 0 eng  ac37.500a297.55bAHM aAhmed, Kamal aSacred Journey-Being Pilgrimage to Makkah aLondonbGeorge Allen and Unwin Ltdc1961 a108p aincludes index and biblioraphy2 aIndex, Glossary, Biblio., aMuslim Pilgrims and Pilgrimages-Sau1 aAhmed, Kamal bSRS cBK 001040708StackRoom-aHMIbHMId2008-08-04g37.50l0o297.55 AHMp06711r2008-08-04v37.50w2005-05-24yBK c5995d5995